The Princess diaries : Volume 1

Bibliographic Details
Main Author: Cabot,Meg
Format: Book
Published: New York : Harper Trophy , 2000
Subjects:

MARC

LEADER 00000cam a2200000 7i4500
001 0000009148
005 20070925.0
008 070925
020 |a 0380814021 
090 0 0 |a CAB   |b ENG 
100 1 |a Cabot,Meg 
245 1 4 |a The Princess diaries :   |b Volume 1   |c Meg Cabot 
260 |a New York :   |b Harper Trophy ,   |c 2000 
650 0 |a English fiction 
999 |a 0000994983   |b Book   |c Adult Collection   |e Perbadanan Perpustakaan Awam Johor 
999 |a 0000994984   |b Book   |c Adult Collection   |e Perbadanan Perpustakaan Awam Johor 
999 |a 0000994985   |b Book   |c Adult Collection   |e Perbadanan Perpustakaan Awam Johor